书目信息 |
| 题名: |
CAD/CAM应用软件
|
|
| 作者: | 王学军 , 李玉龙 编著 | |
| 分册: | ||
| 出版信息: | 北京 高等教育出版社 2003 |
|
| 页数: | 285页 | |
| 开本: | 26cm | |
| 丛书名: | ||
| 单 册: | ||
| 中图分类: | TH122 , TH164 | |
| 科图分类: | ||
| 主题词: | 机械设计--计算机辅助设计--应用软件--高等教育--教材 , 机械制造--计算机辅助制造--应用软件--高等教育--教材 | |
| 电子资源: | ||
| ISBN: | 7-04-012631-1 | |
| 000 | 01055nam0 2200289 450- | |
| 001 | 0101069379 | |
| 005 | 20041101143438.0 | |
| 010 | @a7-04-012631-1@dCNY31.30 | |
| 011 | @a7-04-012631-1 | |
| 100 | @a20041020d2003 em y0chiy0120 ea | |
| 101 | 0 | @achi |
| 102 | @aCN@b110000 | |
| 105 | @ay z 000yy | |
| 106 | @ar | |
| 200 | 1 | @aCAD/CAM应用软件@9C A D / C A M Ying Yong Ruan Jian @eUG训练教程@f王学军,李玉龙编著@b专著 |
| 210 | @a北京@c高等教育出版社@d2003 | |
| 215 | @a285页@d26cm@e光盘1片 | |
| 300 | @a新世纪高职高专教改项目成果教材 高职高专机械类教材 数控技术应用及机械CAD/CAM系列 | |
| 330 | @a本书介绍CAD/CAM中文版的应用知识与使用技巧,涉及UG的CAD、CAM、塑胶模具设计,以及钣金产品设计等方面的应用知识。 | |
| 606 | 0 | @a机械设计@x计算机辅助设计@x应用软件@x高等教育@j教材 |
| 606 | 0 | @a机械制造@x计算机辅助制造@x应用软件@x高等教育@j教材 |
| 690 | @aTH122@v4 | |
| 690 | @aTH164@v4 | |
| 701 | 0 | @a王学军@4编著@9wang xue jun |
| 701 | 0 | @a李玉龙@4编著@9li yu long |
| 801 | 0 | @aCN@bAZmarc@c20230831 |
| 905 | @aBZT@dTH122@e373@f1@sTH122/373 | |
| CAD/CAM应用软件:UG训练教程/王学军,李玉龙编著.-北京:高等教育出版社,2003 |
| 285页;26cm+光盘1片 |
| 新世纪高职高专教改项目成果教材 高职高专机械类教材 数控技术应用及机械CAD/CAM系列 |
| ISBN 7-04-012631-1:CNY31.30 |
| 本书介绍CAD/CAM中文版的应用知识与使用技巧,涉及UG的CAD、CAM、塑胶模具设计,以及钣金产品设计等方面的应用知识。 |
| ● |
| 相关链接 |
|
|
|
正题名:CAD/CAM应用软件
索取号:TH122/373
 
预约/预借
| 序号 | 登录号 | 条形码 | 馆藏地/架位号 | 状态 | 备注 |
| 1 | 2000061389 | 2000061389 | 旧书回溯/ [索取号:TH122/373] | 在馆 |